[Event "AUTO-OPEN-4092"]
[Site "http://www.queenalice.com/game.php?id=1582963"]
[Date "2019.9.9"]
[Round "1"]
[White "efeco"]
[Black "lelugri"]
[Result "0-1"]
[WhiteElo "1117"]
[BlackElo "1462"]

1. e4 c5 2. Nc3 d6 3. a3 Nc6 4. Bd3 Nf6 5. Nf3 g6 6. O-O Bg7 7. Nd5 O-O 8. c3 e6
9. Ne3 a6 10. Re1 b5 11. c4 bxc4 12. Bxc4 Nxe4 13. Ng4 d5 14. Bd3 c4 15. Bc2 Qd6
16. Rb1 Rb8 17. Bxe4 dxe4 18. Rxe4 Qd3 19. Rxc4 Qxc4 20. Ne3 Qc5 21. b4 Qe7 22.
Qc2 Bd7 23. Bb2 Rfc8 24. Bxg7 Kxg7 25. Qc3+ Qf6 26. Qxf6+ Kxf6 27. Ng4+ Kg7 28.
Nfe5 Nxe5 29. Nxe5 Bb5 30. h3 Rc2 31. d3 Rc3 32. Ra1 Kf6 33. Ng4+ Ke7 34. d4
Rbc8 35. d5 Rc1+ 36. Rxc1 Rxc1+ 37. Kh2 exd5 38. f3 Ra1 39. Ne3 Rxa3 40. Nxd5+
Kd6 0-1

[Event "AUTO-OPEN-4092"]
[Site "http://www.queenalice.com/game.php?id=1582964"]
[Date "2019.9.9"]
[Round "1"]
[White "lelugri"]
[Black "efeco"]
[Result "0-1"]
[WhiteElo "1468"]
[BlackElo "1100"]

1. c4 e5 2. Nc3 Nf6 3. g3 h6 4. Bg2 Be7 5. Nf3 O-O 6. O-O b6 7. b3 Bb7 8. d4 e4
9. Nd2 Bb4 10. Ncxe4 Nxe4 11. Bxe4 c6 12. Bb2 Qf6 13. Rb1 d5 14. cxd5 cxd5 15.
Bg2 Rd8 16. e4 dxe4 17. d5 Qf5 18. Bxe4 Qd7 19. a3 Bxd2 20. Qxd2 Bxd5 21. Rbd1
Bxe4 22. Qxd7 Rxd7 23. Rxd7 Nxd7 24. Re1 Re8 25. f3 Nc5 26. fxe4 Nxb3 27. e5 Nd2
28. Kg2 Nc4 29. Bc1 Rxe5 30. Rxe5 Nxe5 31. Kf2 Nd3+ 0-1

[Event "Let's Play Chess!"]
[Site "http://www.queenalice.com/game.php?id=1585838"]
[Date "2019.10.6"]
[Round "-"]
[White "Scaracioli"]
[Black "efeco"]
[Result "0-1"]
[WhiteElo "1773"]
[BlackElo "1137"]

1. e4 e5 2. Nf3 d6 3. h3 Nc6 4. a3 Be7 5. Nc3 Nf6 6. d3 O-O 7. Be3 Re8 8. d4
exd4 9. Nxd4 Nxd4 10. Bxd4 c5 11. Be3 a6 12. Be2 Bd7 13. g4 Qb6 14. b4 Qc7 15.
bxc5 dxc5 16. Bf3 Qb6 17. g5 Qb2 18. Bd2 Bc6 19. O-O Qb6 20. gxf6 Bxf6 21. Bg2
Rad8 22. Qe1 Bxc3 23. Bxc3 c4 24. Ba5 Qb5 25. Bxd8 Rxd8 26. f3 c3 27. Rf2 Qe5
28. Re2 Bb5 29. Re3 Rd2 30. Rc1 Qg5 0-1

[Event "Let's Play Chess!"]
[Site "http://www.queenalice.com/game.php?id=1585841"]
[Date "2019.10.6"]
[Round "-"]
[White "efeco"]
[Black "Scaracioli"]
[Result "0-1"]
[WhiteElo "1133"]
[BlackElo "1766"]

1. d4 d5 2. Nf3 Nc6 3. Na3 a6 4. e3 Nf6 5. Bd3 e6 6. O-O Bxa3 7. bxa3 b5 8. c3
O-O 9. Qc2 g6 10. Re1 Nh5 11. e4 Na5 12. Bh6 Ng7 13. e5 f5 14. a4 c6 15. Bg5 Qd7
16. Be2 Nc4 17. Nh4 Bb7 18. Bf6 Ne8 19. Bg5 Rf7 20. Bxc4 bxc4 21. a5 Nc7 22. a4
f4 23. Nf3 Rf5 24. Bf6 Ne8 25. Bh4 h6 26. Bf6 Nxf6 27. exf6 Rxf6 28. Ne5 Qe8 29.
Qb2 Rb8 30. Qc2 g5 31. Ng4 Rg6 32. Re2 Bc8 33. Rae1 Kg7 34. f3 h5 35. Nf2 Rb7
36. Rb1 Qf7 37. Rxb7 Bxb7 38. Kh1 Rf6 39. Qb1 Kh6 0-1

[Event "AUTO-BEG-666"]
[Site "http://www.queenalice.com/game.php?id=1586365"]
[Date "2019.10.9"]
[Round "1"]
[White "CERVERO"]
[Black "efeco"]
[Result "1-0"]
[WhiteElo "1606"]
[BlackElo "1125"]

1. e4 e5 2. Nf3 d6 3. d4 exd4 4. Nxd4 Bd7 5. Bd3 Be7 6. O-O c5 7. Nf5 Bxf5 8.
exf5 Nf6 9. Re1 O-O 10. Nc3 a6 11. Bg5 Re8 12. Qf3 Qb6 13. Rab1 Nbd7 14. Bxf6
Bxf6 15. Be4 Rab8 16. Nd5 Qb5 17. Nxf6+ Nxf6 18. Bd3 Rxe1+ 19. Rxe1 Qxb2 20. c4
Qxa2 21. h3 Qa5 22. Rb1 b6 23. g4 h6 24. Kg2 Re8 25. h4 Re1 26. Rxe1 Qxe1 27. g5
hxg5 28. hxg5 Nd7 29. g6 1-0

[Event "AUTO-BEG-666"]
[Site "http://www.queenalice.com/game.php?id=1586366"]
[Date "2019.10.9"]
[Round "1"]
[White "efeco"]
[Black "CERVERO"]
[Result "0-1"]
[WhiteElo "1127"]
[BlackElo "1604"]

1. d3 e5 2. Nf3 Nc6 3. e3 d5 4. c3 Nf6 5. Be2 Bd6 6. O-O O-O 7. Nbd2 Bd7 8. a3
Re8 9. b4 a6 10. e4 d4 11. cxd4 Nxd4 12. Nxd4 exd4 13. Bb2 c5 14. bxc5 Bxc5 15.
Nb3 Ba7 16. Bxd4 Bxd4 17. Nxd4 Qb6 18. Nb3 Rac8 19. Rb1 Qa7 20. Na5 b6 21. Nc4
Re6 22. Re1 b5 23. Ne3 Rec6 24. Bf3 R6c7 25. e5 Ne8 26. Nd5 Bc6 27. Nxc7 Rxc7
28. Bxc6 Rxc6 29. Qf3 Rc8 30. Qg4 Qb7 0-1

[Event "AUTO-BEG-666"]
[Site "http://www.queenalice.com/game.php?id=1586382"]
[Date "2019.10.9"]
[Round "1"]
[White "efeco"]
[Black "schuch97"]
[Result "0-1"]
[WhiteElo "1137"]
[BlackElo "1709"]

1. e4 e5 2. Bc4 h6 3. Qf3 Nf6 4. Nc3 c6 5. Nge2 b5 6. Bd3 c5 7. Bxb5 a6 8. Bc4
Bb7 9. O-O g5 10. Ng3 h5 11. Nd5 Nxd5 12. exd5 d6 13. Nxh5 Nd7 14. Qg4 Nf6 15.
Nxf6+ Qxf6 16. c3 Rh4 17. Qg3 Rxc4 18. d3 Rh4 19. Bxg5 Qg6 20. Qxh4 Bxd5 21.
Rad1 f6 22. Bxf6 Qxg2# 0-1

[Event "AUTO-BEG-666"]
[Site "http://www.queenalice.com/game.php?id=1586391"]
[Date "2019.10.9"]
[Round "1"]
[White "BeatifulDevil56"]
[Black "efeco"]
[Result "1-0"]
[WhiteElo "1208"]
[BlackElo "1089"]

1. d4 d5 2. e3 e6 3. c4 Nf6 4. c5 Be7 5. Nf3 O-O 6. Bd3 Nc6 7. O-O b6 8. cxb6
axb6 9. Bb5 Bd7 10. Bxc6 Bxc6 11. Ne5 Ne4 12. Nxc6 Qd6 13. Nxe7+ Qxe7 14. Nd2
Nxd2 15. Bxd2 Qd7 16. Qg4 f5 17. Qg3 Rac8 18. f4 Ra8 19. Qh4 Rf6 20. Rf3 Raf8
21. Bb4 R8f7 22. Rh3 Rh6 23. Qg3 Rg6 24. Qf2 Qb5 25. a3 c5 26. dxc5 bxc5 27. Bc3
1-0

[Event "AUTO-BEG-666"]
[Site "http://www.queenalice.com/game.php?id=1586392"]
[Date "2019.10.9"]
[Round "1"]
[White "efeco"]
[Black "BeatifulDevil56"]
[Result "0-1"]
[WhiteElo "1076"]
[BlackElo "1219"]

1. e4 e5 2. d3 Nc6 3. Be3 Bc5 4. Bxc5 d6 5. Be3 Nf6 6. Be2 Bd7 7. Nf3 Ng4 8.
Nfd2 Nxe3 9. fxe3 Qh4+ 10. g3 Qg5 11. Nc4 b5 12. Ncd2 Qxe3 13. Nf3 Nd4 14. Rf1
Nxe2 15. Qxe2 Qxe2+ 16. Kxe2 Bg4 17. Nd2 h5 18. Kf2 O-O-O 19. b4 Rdf8 20. Kg2 f5
21. exf5 Rxf5 22. h3 Bxf3+ 23. Rxf3 Rxf3 24. Nxf3 Kb7 25. Ng5 Rf8 26. Ne6 Rf7
27. Rf1 Rxf1 28. Kxf1 g6 0-1

[Event "AUTO-OPEN-4104"]
[Site "http://www.queenalice.com/game.php?id=1587250"]
[Date "2019.10.17"]
[Round "1"]
[White "efeco"]
[Black "Taura10"]
[Result "0-1"]
[WhiteElo "1099"]
[BlackElo "2069"]

1. e4 c5 2. c4 Nc6 3. b3 e6 4. Bb2 Nf6 5. d3 Be7 6. Be2 O-O 7. Nf3 a6 8. O-O b5
9. cxb5 axb5 10. Nbd2 d6 11. a3 e5 12. Rc1 h6 0-1

[Event "AUTO-OPEN-4104"]
[Site "http://www.queenalice.com/game.php?id=1587251"]
[Date "2019.10.17"]
[Round "1"]
[White "Taura10"]
[Black "efeco"]
[Result "1-0"]
[WhiteElo "2067"]
[BlackElo "1101"]

1. d4 d5 2. c4 dxc4 3. e4 b5 4. Nc3 e6 5. Nxb5 c6 6. Nc3 h6 7. Bxc4 Be7 8. Nf3
Bb4 9. a3 Bxc3+ 10. bxc3 Ne7 11. Bf4 O-O 12. O-O 1-0

[Event "AUTO-OPEN-4104"]
[Site "http://www.queenalice.com/game.php?id=1587252"]
[Date "2019.10.17"]
[Round "1"]
[White "efeco"]
[Black "maurice91"]
[Result "0-1"]
[WhiteElo "1129"]
[BlackElo "1778"]

1. e4 c6 2. d4 d6 3. Nf3 h6 4. Be2 g5 5. O-O Bg7 6. c3 Nd7 7. Be3 Nf8 8. b4 Ng6
9. Nbd2 e5 10. d5 N8e7 11. c4 g4 12. Ne1 h5 13. Nc2 O-O 14. a4 Nf4 15. Bxf4 exf4
16. Rb1 Ng6 17. dxc6 bxc6 18. Nb3 Re8 19. Bd3 Ne5 20. b5 a6 21. bxc6 Nxd3 22.
Qxd3 Qc7 0-1

[Event "AUTO-OPEN-4104"]
[Site "http://www.queenalice.com/game.php?id=1587253"]
[Date "2019.10.17"]
[Round "1"]
[White "maurice91"]
[Black "efeco"]
[Result "1-0"]
[WhiteElo "1776"]
[BlackElo "1131"]

1. d4 d6 2. Bf4 e6 3. e4 Be7 4. Nf3 h6 5. Nbd2 Nf6 6. Bd3 O-O 7. O-O Nc6 8. a3
a6 9. c3 b5 10. Rc1 Bb7 11. Re1 Na7 12. c4 bxc4 13. Nxc4 d5 14. exd5 Nxd5 15.
Bg3 c6 16. Bb1 Nf6 17. h3 c5 18. Be5 Nd7 19. Bh2 Nf6 20. Qd3 cxd4 21. Qxd4 Qxd4
22. Nxd4 Rfd8 23. Red1 Nh5 24. Ne2 1-0

[Event "GREVE-Sintur-JP"]
[Site "http://www.queenalice.com/game.php?id=1587642"]
[Date "2019.10.22"]
[Round "-"]
[White "efeco"]
[Black "zubarev"]
[Result "0-1"]
[WhiteElo "1091"]
[BlackElo "1880"]

1. d4 d5 2. e3 Bf5 3. Nf3 Nf6 4. c3 e6 5. Be2 Bd6 6. O-O O-O 7. Nbd2 Nbd7 8. b3
Ne4 9. Nxe4 Bxe4 10. Re1 f5 11. a3 Qf6 12. b4 Nb6 0-1

[Event "AUTO-OPEN-4106"]
[Site "http://www.queenalice.com/game.php?id=1587742"]
[Date "2019.10.23"]
[Round "1"]
[White "efeco"]
[Black "Artking"]
[Result "0-1"]
[WhiteElo "1093"]
[BlackElo "2096"]

1. d4 Nf6 2. Nc3 c6 3. Bg5 d6 4. Bxf6 gxf6 5. e4 Nd7 6. Bd3 Qc7 7. Nf3 e5 8.
dxe5 dxe5 9. O-O Nc5 10. Bc4 Ne6 0-1